<?xml version="1.0" encoding="UTF-8"?>
<collection xmlns="http://www.loc.gov/MARC21/slim">
 <record>
  <leader>00665pamaa2200193   4500</leader>
  <controlfield tag="001">0000024384</controlfield>
  <controlfield tag="005">20070723090000.0</controlfield>
  <datafield tag="020" ind1="0" ind2="0">
   <subfield code="a">0201352133 </subfield>
  </datafield>
  <datafield tag="082" ind1=" " ind2=" ">
   <subfield code="a">004 BEE 1999</subfield>
  </datafield>
  <datafield tag="090" ind1="0" ind2="0">
   <subfield code="a">QA76.5 BEE 1999 </subfield>
  </datafield>
  <datafield tag="100" ind1="1" ind2="0">
   <subfield code="a">Beekman </subfield>
  </datafield>
  <datafield tag="245" ind1="1" ind2="0">
   <subfield code="a">Computer confluence : </subfield>
   <subfield code="b">exploring tomorrow's technology  </subfield>
   <subfield code="c">George Beekman.</subfield>
  </datafield>
  <datafield tag="250" ind1="0" ind2="0">
   <subfield code="a">3rd ed..</subfield>
  </datafield>
  <datafield tag="260" ind1="0" ind2="0">
   <subfield code="a">Massachusetts: </subfield>
   <subfield code="b">Addison-Wesley, </subfield>
   <subfield code="c">1999.</subfield>
  </datafield>
  <datafield tag="300" ind1=" " ind2=" ">
   <subfield code="a">xxxii, 487p.: </subfield>
   <subfield code="b">ill.col.; </subfield>
   <subfield code="c">28cm.</subfield>
  </datafield>
  <datafield tag="500" ind1="0" ind2="0">
   <subfield code="a">Includes 1 compact guide titled &quot;Web page and design&quot; by Linda Ericksen</subfield>
  </datafield>
  <datafield tag="500" ind1="0" ind2="0">
   <subfield code="a">Includes 1 CD-ROm titled &quot;Computer confluence: version 3.5&quot; by George Beekman</subfield>
  </datafield>
  <datafield tag="650" ind1="0" ind2="0">
   <subfield code="a">Computers </subfield>
  </datafield>
  <datafield tag="650" ind1="0" ind2="0">
   <subfield code="a">Information technology </subfield>
  </datafield>
 </record>
</collection>
